Groepen van 10 - Statistieken

Algemene statistieken
  • Deze quiz is 21 keer genomen
  • De gemiddelde score is 41 van 80
Antwoordstatistieken
Group Antwoord % Correct
Buurlanden van Brazilië Peru
100%
Buurlanden van Brazilië Argentinië
94%
Buurlanden van Brazilië Bolivia
94%
Buurlanden van Brazilië Colombia
94%
Buurlanden van Brazilië Suriname
94%
Buurlanden van Brazilië Uruguay
94%
Buurlanden van Brazilië Venezuela
94%
Buurlanden van Brazilië Guyana
88%
Talen met meer dan 100 miljoen moedertaalsprekers Mandarijn
88%
Buurlanden van Brazilië Paraguay
88%
Talen met meer dan 100 miljoen moedertaalsprekers Portugees
88%
Talen met meer dan 100 miljoen moedertaalsprekers Spaans
88%
Talen met meer dan 100 miljoen moedertaalsprekers Engels
82%
Talen met meer dan 100 miljoen moedertaalsprekers Arabisch
76%
Landen die (deels) in Polynesië liggen Australië
76%
Talen met meer dan 100 miljoen moedertaalsprekers Japans
76%
Amerikaanse staten die grenzen aan Mississippi Louisiana
76%
Landen die (deels) in Polynesië liggen Nieuw-Zeeland
76%
Landen die (deels) in Polynesië liggen Samoa
76%
Amerikaanse staten die grenzen aan Mississippi Tennessee
76%
Landen die (deels) in Polynesië liggen Tuvalu
76%
Amerikaanse staten die grenzen aan Mississippi Arkansas
71%
Landen die (deels) in Polynesië liggen Fiji
71%
Buurlanden van Brazilië Frankrijk
71%
Landen die (deels) in Polynesië liggen Frankrijk
71%
Eerste elementen uit het Periodiek Systeem Helium
71%
Landen die (deels) in Polynesië liggen Tonga
71%
Eerste elementen uit het Periodiek Systeem Waterstof
71%
Grootste metropolen in Afrika (inwoners) Caïro
65%
Landen die (deels) in Polynesië liggen Verenigde Staten
65%
Eerste elementen uit het Periodiek Systeem Zuurstof
65%
Amerikaanse staten die grenzen aan Mississippi Missouri
59%
Talen met meer dan 100 miljoen moedertaalsprekers Russisch
59%
Landen die (deels) in Polynesië liggen Chili
53%
Talen met meer dan 100 miljoen moedertaalsprekers Hindi
53%
Grootste metropolen in Afrika (inwoners) Johannesburg
53%
Amerikaanse staten die grenzen aan Mississippi Kentucky
53%
Provincies van Canada (geen territoria!) Quebec
53%
Landen die (deels) in Polynesië liggen Verenigd Koninkrijk
53%
Provincies van Canada (geen territoria!) Alberta
47%
Grootste metropolen in Afrika (inwoners) Kinshasa
47%
Grootste metropolen in Afrika (inwoners) Lagos
47%
Amerikaanse staten die grenzen aan Mississippi Mississippi
47%
Provincies van Canada (geen territoria!) Ontario
47%
De 10 geboden (Bijbel) Bovenal bemin {één God}.
41%
De 10 geboden (Bijbel) Heilig steeds de dag des {Heren}.
41%
Amerikaanse staten die grenzen aan Mississippi Illinois
41%
Amerikaanse staten die grenzen aan Mississippi Iowa
41%
Grootste metropolen in Afrika (inwoners) Khartoem
41%
Eerste elementen uit het Periodiek Systeem Koolstof
41%
Grootste metropolen in Afrika (inwoners) Nairobi
41%
Eerste elementen uit het Periodiek Systeem Stikstof
41%
Grootste metropolen in Afrika (inwoners) Dar es Salaam
35%
Eerste elementen uit het Periodiek Systeem Lithium
35%
Amerikaanse staten die grenzen aan Mississippi Minnesota
35%
Grootste metropolen in Afrika (inwoners) Luanda
29%
Eerste elementen uit het Periodiek Systeem Neon
29%
Grootste metropolen in Afrika (inwoners) Alexandria
24%
Eerste elementen uit het Periodiek Systeem Beryllium
24%
Eerste elementen uit het Periodiek Systeem Boor
24%
Provincies van Canada (geen territoria!) Brits-Columbia
24%
Eerste elementen uit het Periodiek Systeem Fluor
24%
Provincies van Canada (geen territoria!) Newfoundland en Labrador
24%
Provincies van Canada (geen territoria!) Nova Scotia
24%
De 10 geboden (Bijbel) ook de achterklap en het {liegen}.
24%
Provincies van Canada (geen territoria!) Prins Edwardeiland
24%
De 10 geboden (Bijbel) Vader, {moeder} zult gij eren.
24%
De 10 geboden (Bijbel) Zweer niet ijdel, {vloek} noch spot.
24%
De 10 geboden (Bijbel) {Dood} niet, geef geen ergernis.
18%
De 10 geboden (Bijbel) en begeer nooit iemands {goed}.
18%
Provincies van Canada (geen territoria!) Manitoba
18%
Provincies van Canada (geen territoria!) New Brunswick
18%
Provincies van Canada (geen territoria!) Saskatchewan
18%
Amerikaanse staten die grenzen aan Mississippi Wisconsin
18%
Grootste metropolen in Afrika (inwoners) Abidjan
12%
Talen met meer dan 100 miljoen moedertaalsprekers Bengali
12%
De 10 geboden (Bijbel) Doe nooit wat {onkuisheid} is.
12%
De 10 geboden (Bijbel) Vlucht het {stelen} en bedriegen,
12%
Talen met meer dan 100 miljoen moedertaalsprekers Punjabi
6%
De 10 geboden (Bijbel) Wees steeds {kuis} in uw gemoed
6%
Geen overeenkomende quizzen gevonden
Scoreverdeling
Procent van Mensen met Elke Score
Percentiel versus Aantal Correcte Antwoorden
Uw Scoregeschiedenis
U heeft deze quiz nog niet genomen